000 00856nam a2200241Ia 4500
003 OSt
005 20220926030357.0
006 a|||||r|||| 00| 0
007 ta
008 220923b |||||||| |||| 00| 0 eng d
020 _a9780691139296
_c656.69000000000005
037 _bRKBA\ 09-10\ 4044, 07/05/2010, RAJKIRAN BOOK AGENCY
_cGeneral Book
040 _aRTL
_cRTL
_beng
041 _2eng
_aeng
082 _aX64(Z, 331), P8
100 _aShiller Robert J
_9251060
245 0 _aSubprime solution
_b How today's global financial crisis happened, and what to do about it.
260 _aPriceton
_bPrinceton University Press
_c2008
300 _ax, 196p
_ccm.
650 _aEconomics
942 _hX64(Z, 331), P8
_cGB
_2CC
999 _c649572
_d649572